[Event "Niederoesterreichische Landesliga 2014/2015"]
[Site "NOE"]
[Date "2014.11.30"]
[Round "5"]
[Board "4"]
[White "Dittel, Herbert"]
[Black "Herndlbauer, Martin"]
[Result "1-0"]
[WhiteElo "2044"]
[BlackElo "2110"]
[PlyCount "75"]
[EventDate "2014.10.05"]
[EventType "team"]
[EventRounds "11"]
[EventCountry "AUT"]
[WhiteTeam "Sparkasse Bad Voeslau/Kottingbrunn"]
[BlackTeam "SK Advisory Invest Baden 2"]

1. d4 d5 2. Nf3 Nf6 3. Bf4 c5 4. e3 Nc6 5. c3 Qb6 6. Qc1 Nh5 7. Bg3 Bg4 8. Nbd2
Rc8 9. Qb1 g6 10. Bd3 Bg7 11. O-O Nxg3 12. hxg3 O-O 13. Nh2 Bd7 14. Ndf3 Rfd8
15. Rd1 e5 16. dxe5 Nxe5 17. Nxe5 Bxe5 18. Nf3 Bg7 19. Rd2 Be6 20. Qd1 Qc7 21.
Be2 b5 22. a3 a5 23. Ne1 Rb8 24. Bf3 b4 25. axb4 axb4 26. cxb4 c4 27. Ra2 Rxb4
28. Bxd5 Bxd5 29. Rxd5 Rxd5 30. Qxd5 Bxb2 31. Ra8+ Kg7 32. Qe4 Be5 33. f4 Bf6
34. Qe8 Be7 35. Qh8+ Kh6 36. Rg8 Bf8 37. g4 g5 38. Qf6#  1-0

[Event "Niederoesterreichische Landesliga 2014/2015"]
[Site "NOE"]
[Date "2014.11.30"]
[Round "5"]
[Board "1"]
[White "Weiss, Christian"]
[Black "Stadler, Peter"]
[Result "1-0"]
[WhiteElo "2382"]
[BlackElo "2147"]
[PlyCount "99"]
[EventDate "2014.10.05"]
[EventType "team"]
[EventRounds "11"]
[EventCountry "AUT"]
[WhiteTeam "Schachklub Mostarrichi"]
[BlackTeam "SK Zwettl 2"]

1. e4 c5 2. g3 Nc6 3. Bg2 g6 4. f4 d6 5. d3 Bg7 6. c3 Rb8 7. Nf3 Nf6 8. O-O O-O
9. h3 c4 10. Be3 cxd3 11. Qxd3 Qc7 12. Nbd2 b5 13. Rac1 Na5 14. b3 a6 15. Bd4
Nc6 16. Bf2 Nd7 17. b4 Bb7 18. a3 Rbc8 19. Rfd1 Rfd8 20. Qe3 Qb8 21. Bf1 Nf6
22. c4 bxc4 23. Bxc4 e6 24. Bd3 e5 25. fxe5 Nxe5 26. Nxe5 dxe5 27. Nb3 Rxc1 28.
Rxc1 Qd6 29. Nc5 Bc8 30. Bf1 Nd7 31. Rc3 Nxc5 32. Qxc5 Qd1 33. Qxc8 Rxc8 34.
Rxc8+ Bf8 35. Bc5 h5 36. Rxf8+ Kg7 37. Ra8 Qf3 38. Rxa6 Qxg3+ 39. Bg2 Qe1+ 40.
Kh2 h4 41. Rd6 Qg3+ 42. Kh1 g5 43. Rd1 Qxa3 44. Rf1 Qd3 45. Rf5 Qg3 46. Bf2 Qc3
47. Rxg5+ Kh6 48. Rf5 Qxb4 49. Bxh4 Kg6 50. Bg3  1-0

[Event "Niederoesterreichische Landesliga 2014/2015"]
[Site "NOE"]
[Date "2014.11.30"]
[Round "5"]
[Board "2"]
[White "Lipp, Alfred"]
[Black "Knoll, Hermann"]
[Result "0-1"]
[WhiteElo "2119"]
[BlackElo "2307"]
[PlyCount "74"]
[EventDate "2014.10.05"]
[EventType "team"]
[EventRounds "11"]
[EventCountry "AUT"]
[WhiteTeam "SK Zwettl 2"]
[BlackTeam "Schachklub Mostarrichi"]

1. d4 Nf6 2. c4 e6 3. Nc3 Bb4 4. e3 O-O 5. Bd3 d5 6. Nf3 c5 7. O-O Nc6 8. a3
Bxc3 9. bxc3 Qc7 10. cxd5 exd5 11. h3 Re8 12. Nd2 c4 13. Bc2 b5 14. Re1 Qa5 15.
Bb2 Qc7 16. Qf3 a5 17. e4 Be6 18. e5 Nd7 19. Qh5 Nf8 20. Re3 b4 21. Nf3 Rab8
22. axb4 axb4 23. Ng5 g6 24. Qh6 Ra8 25. Ba4 Reb8 26. Rf3 Nxd4 27. cxd4 c3 28.
Rxc3 bxc3 29. Ba3 f6 30. Bd6 Rxa4 31. Bxc7 Rxa1+ 32. Kh2 c2 33. exf6 Rh1+ 34.
Kxh1 c1=Q+ 35. Kh2 Qxc7+ 36. g3 Rb7 37. Kg2 Qd8  0-1

[Event "Niederoesterreichische Landesliga 2014/2015"]
[Site "NOE"]
[Date "2014.11.30"]
[Round "5"]
[Board "3"]
[White "Ehs, Dominik"]
[Black "Janetschek, Karl"]
[Result "0-1"]
[WhiteElo "2056"]
[BlackElo "2226"]
[PlyCount "96"]
[EventDate "2014.10.05"]
[EventType "team"]
[EventRounds "11"]
[EventCountry "AUT"]
[WhiteTeam "Schachklub Mostarrichi"]
[BlackTeam "SK Zwettl 2"]

1. e4 e5 2. Nf3 Nc6 3. Bc4 Be7 4. O-O Nf6 5. d3 O-O 6. Re1 d6 7. c3 Bg4 8. Nbd2
Na5 9. b4 Nxc4 10. Nxc4 Kh8 11. Ne3 Bxf3 12. Qxf3 g6 13. Bd2 c6 14. Rad1 a5 15.
a3 axb4 16. axb4 Ra2 17. Nc4 Ng8 18. Ra1 Qa8 19. Na5 Rxd2 20. Qe3 Rc2 21. d4
Qa6 22. d5 h6 23. c4 cxd5 24. b5 Qa8 25. Qd3 Rxc4 26. Nxc4 dxc4 27. Qxc4 Qd8
28. Rec1 Qb6 29. Qc7 Bd8 30. Qxb6 Bxb6 31. Ra4 Kg7 32. Kf1 Nf6 33. f3 Nd7 34.
Rd1 Nc5 35. Ra2 Rd8 36. Rad2 Bc7 37. b6 Bxb6 38. Rxd6 Ne6 39. Rxd8 Bxd8 40. Rd5
Bc7 41. Ke1 Kf8 42. Kd2 Ke7 43. Kc3 Nf4 44. Rb5 b6 45. g3 Ne2+ 46. Kc4 Nd4 47.
Rd5 Nxf3 48. h4 Nd4  0-1

[Event "Niederoesterreichische Landesliga 2014/2015"]
[Site "NOE"]
[Date "2014.11.30"]
[Round "5"]
[Board "4"]
[White "Zwettler, Martin"]
[Black "Steiner, Heinz"]
[Result "1/2-1/2"]
[WhiteElo "2206"]
[BlackElo "2108"]
[PlyCount "36"]
[EventDate "2014.10.05"]
[EventType "team"]
[EventRounds "11"]
[EventCountry "AUT"]
[WhiteTeam "SK Zwettl 2"]
[BlackTeam "Schachklub Mostarrichi"]

1. d4 Nf6 2. Bg5 Ne4 3. Bf4 d6 4. f3 Nf6 5. e4 g6 6. Nc3 Bg7 7. Qd2 Nbd7 8.
O-O-O h6 9. g4 Nb6 10. h4 Be6 11. d5 Bd7 12. h5 g5 13. Be3 c6 14. dxc6 Bxc6 15.
Bd4 Nbd7 16. Kb1 a6 17. Nh3 Qa5 18. Nd5 Qxd2  1/2-1/2

[Event "Niederoesterreichische Landesliga 2014/2015"]
[Site "NOE"]
[Date "2014.11.30"]
[Round "5"]
[Board "1"]
[White "Hofmann, Thomas"]
[Black "Rumpl, Erwin"]
[Result "1/2-1/2"]
[WhiteElo "2195"]
[BlackElo "2314"]
[PlyCount "120"]
[EventDate "2014.10.05"]
[EventType "team"]
[EventRounds "11"]
[EventCountry "AUT"]
[WhiteTeam "SV Mistelbach"]
[BlackTeam "SV Amstetten"]

1. e4 e6 2. d4 d5 3. exd5 exd5 4. Nf3 Bd6 5. c4 c6 6. Bd3 Ne7 7. Nc3 dxc4 8.
Bxc4 O-O 9. O-O Bf5 10. Bg5 h6 11. Bxe7 Qxe7 12. Re1 Qc7 13. Ne5 Nd7 14. f4
Rad8 15. Qh5 Bxe5 16. dxe5 Nb6 17. Bb3 Qc8 18. h3 Nd5 19. Nxd5 cxd5 20. Rac1
Qe6 21. Qf3 Qb6+ 22. Qf2 d4 23. g4 Be6 24. Bxe6 fxe6 25. Rcd1 Rd5 26. Re4 d3
27. Qxb6 axb6 28. Re3 Rxf4 29. Rdxd3 Rc5 30. Re2 Rfc4 31. Rd6 Rc6 32. Rdd2 Kh7
33. Kf2 Kg6 34. Kg3 h5 35. Rd7 hxg4 36. hxg4 Rb4 37. b3 Rc1 38. Re7 Rg1+ 39.
Kf3 Rgxg4 40. Rxe6+ Kf5 41. Re7 Rgf4+ 42. Kg3 Rg4+ 43. Kf3 Rbf4+ 44. Ke3 Re4+
45. Kd2 Rxe2+ 46. Kxe2 Rg2+ 47. Kf3 Rxa2 48. Rxb7 Ra6 49. e6 Kxe6 50. Rxg7 Kd5
51. Ke3 Kc5 52. Kd3 Kb4 53. Kc2 Ra2+ 54. Kb1 Rh2 55. Rg6 b5 56. Rg5 Rh3 57.
Rg4+ Ka3 58. Rg1 b4 59. Rf1 Rxb3+ 60. Ka1 Rh3  1/2-1/2

[Event "Niederoesterreichische Landesliga 2014/2015"]
[Site "NOE"]
[Date "2014.11.30"]
[Round "5"]
[Board "2"]
[White "Sandhoefner, Florian"]
[Black "Wolfram, Bernd"]
[Result "1-0"]
[WhiteElo "2278"]
[BlackElo "2228"]
[PlyCount "79"]
[EventDate "2014.10.05"]
[EventType "team"]
[EventRounds "11"]
[EventCountry "AUT"]
[WhiteTeam "SV Amstetten"]
[BlackTeam "SV Mistelbach"]

1. e4 c5 2. Nf3 Nc6 3. d4 cxd4 4. Nxd4 g6 5. c4 Bg7 6. Be3 Nf6 7. Nc3 O-O 8.
Be2 d6 9. O-O Nxd4 10. Bxd4 a5 11. Rc1 Nd7 12. Bxg7 Kxg7 13. Qd4+ Kg8 14. f4
Ra6 15. Kh1 Qb6 16. Qd2 Nc5 17. f5 Nd7 18. c5 dxc5 19. Bxa6 Qxa6 20. Nd5 Qd6
21. f6 exf6 22. Nxf6+ Qxf6 23. Rxf6 Nxf6 24. e5 Nd7 25. Qxa5 b6 26. Qb5 Re8 27.
Qc6 Kf8 28. a4 Nxe5 29. Qxb6 c4 30. Qf6 Nd3 31. Rf1 Be6 32. Qh8+ Ke7 33. Qxh7
Rb8 34. Qh4+ Kd7 35. Qd4+ Kc7 36. Rd1 Rd8 37. Qa7+ Kc6 38. Kg1 Rd7 39. Qa6+ Kc7
40. a5  1-0

[Event "Niederoesterreichische Landesliga 2014/2015"]
[Site "NOE"]
[Date "2014.11.30"]
[Round "5"]
[Board "3"]
[White "Vrana, Frantisek"]
[Black "Rechberger, Franz"]
[Result "0-1"]
[WhiteElo "2249"]
[BlackElo "2059"]
[PlyCount "62"]
[EventDate "2014.10.05"]
[EventType "team"]
[EventRounds "11"]
[EventCountry "AUT"]
[WhiteTeam "SV Mistelbach"]
[BlackTeam "SV Amstetten"]

1. e4 e6 2. d3 d5 3. Nd2 Nf6 4. Ngf3 Bc5 5. Be2 Nc6 6. O-O e5 7. c3 Bb6 8. exd5
Qxd5 9. Nc4 O-O 10. Bg5 Nd7 11. Qb3 f6 12. Bc1 Rd8 13. Nxb6 Nxb6 14. Be3 Be6
15. Qc2 Bf5 16. Rfd1 Qf7 17. Qb3 Be6 18. Qc2 Nd5 19. Bc1 Bf5 20. Qb3 Rab8 21.
d4 exd4 22. Nxd4 Nxd4 23. Rxd4 Nb6 24. Rxd8+ Rxd8 25. Be3 Be6 26. Rd1 Ra8 27.
Qa3 Nc4 28. Bxc4 Bxc4 29. b3 Bd5 30. c4 Bc6 31. Qxa7 Rxa7  0-1

[Event "Niederoesterreichische Landesliga 2014/2015"]
[Site "NOE"]
[Date "2014.11.30"]
[Round "5"]
[Board "4"]
[White "Kreischer, Georg"]
[Black "Teuber, Andreas"]
[Result "1/2-1/2"]
[WhiteElo "2099"]
[BlackElo "2176"]
[PlyCount "95"]
[EventDate "2014.10.05"]
[EventType "team"]
[EventRounds "11"]
[EventCountry "AUT"]
[WhiteTeam "SV Amstetten"]
[BlackTeam "SV Mistelbach"]

1. e4 d6 2. Nf3 Nf6 3. Nc3 g6 4. d4 Bg7 5. Be2 O-O 6. O-O Bg4 7. Be3 Nc6 8. Qd2
e5 9. d5 Ne7 10. Rad1 Bd7 11. Ne1 Ng4 12. Bxg4 Bxg4 13. f3 Bd7 14. Nd3 f5 15.
Ne2 f4 16. Bf2 g5 17. Ne1 Rf6 18. g4 fxg3 19. hxg3 Rg6 20. Be3 Bf6 21. g4 Rg7
22. Ng3 h6 23. Rf2 Ng6 24. Rh2 Nh4 25. Qe2 Rf7 26. Ng2 Nxg2 27. Kxg2 Bg7 28.
Rdh1 c6 29. Qd2 Qf6 30. Rf1 Qg6 31. Rf2 Bf8 32. Rh1 Rd8 33. Qa5 b6 34. Qxa7
cxd5 35. Qxb6 Rc8 36. Qb4 d4 37. Bc1 d5 38. Qe1 Bxg4 39. fxg4 Rxf2+ 40. Kxf2
Rxc2+ 41. Kg1 Bc5 42. Rh2 d3+ 43. Kh1 Bb4 44. Bd2 Qc6 45. exd5 Qxd5+ 46. Qe4
Qxe4+ 47. Nxe4 Rxb2 48. a3  1/2-1/2

[Event "Niederoesterreichische Landesliga 2014/2015"]
[Site "NOE"]
[Date "2014.12.14"]
[Round "6"]
[Board "2"]
[White "Ehs, Dominik"]
[Black "Sandhoefner, Florian"]
[Result "1/2-1/2"]
[WhiteElo "2056"]
[BlackElo "2278"]
[PlyCount "44"]
[EventDate "2014.10.05"]
[EventType "team"]
[EventRounds "11"]
[EventCountry "AUT"]
[WhiteTeam "Schachklub Mostarrichi"]
[BlackTeam "SV Amstetten"]

1. e4 c5 2. Nc3 e6 3. g3 Nc6 4. Bg2 Nf6 5. Nge2 d6 6. d3 Be7 7. O-O O-O 8. h3
a6 9. f4 Qc7 10. a4 Rb8 11. g4 b5 12. axb5 axb5 13. Ng3 b4 14. Nce2 h6 15. Be3
Bb7 16. Qd2 Ra8 17. f5 Kh7 18. g5 hxg5 19. Bxg5 Rxa1 20. Rxa1 d5 21. exd5 exd5
22. Qf4 Qxf4  1/2-1/2

[Event "Niederoesterreichische Landesliga 2014/2015"]
[Site "NOE"]
[Date "2014.12.14"]
[Round "6"]
[Board "3"]
[White "Rechberger, Franz"]
[Black "Mostbauer, Florian"]
[Result "1/2-1/2"]
[WhiteElo "2059"]
[BlackElo "2128"]
[PlyCount "81"]
[EventDate "2014.10.05"]
[EventType "team"]
[EventRounds "11"]
[EventCountry "AUT"]
[WhiteTeam "SV Amstetten"]
[BlackTeam "Schachklub Mostarrichi"]

1. d4 d5 2. c4 c6 3. Nc3 Nf6 4. Nf3 g6 5. Bf4 Bg7 6. e3 O-O 7. h3 Qb6 8. Qb3
Nbd7 9. c5 Qa5 10. Qa4 Qxa4 11. Nxa4 Ne4 12. Bd3 b5 13. Nc3 Nxc3 14. bxc3 Re8
15. a4 Nxc5 16. dxc5 Bxc3+ 17. Ke2 e5 18. Bxe5 Bxe5 19. Nxe5 Rxe5 20. axb5 cxb5
21. Kd2 Bf5 22. Rhb1 Bxd3 23. Kxd3 Re4 24. Rxb5 Rc4 25. Ra3 a6 26. Rba5 Rb8 27.
Rc3 Rbb4 28. Raa3 Kf8 29. c6 Ke7 30. Rxa6 Rxc3+ 31. Kxc3 Rc4+ 32. Kd3 Kd6 33.
c7+ Kd7 34. Ra7 Rxc7 35. Rxc7+ Kxc7 36. Kd4 Kd6 37. g4 g5 38. e4 dxe4 39. Kxe4
Ke6 40. f4 h6 41. fxg5  1/2-1/2

[Event "Niederoesterreichische Landesliga 2014/2015"]
[Site "NOE"]
[Date "2014.12.14"]
[Round "6"]
[Board "4"]
[White "Steiner, Heinz"]
[Black "Kreischer, Georg"]
[Result "1-0"]
[WhiteElo "2108"]
[BlackElo "2099"]
[PlyCount "47"]
[EventDate "2014.10.05"]
[EventType "team"]
[EventRounds "11"]
[EventCountry "AUT"]
[WhiteTeam "Schachklub Mostarrichi"]
[BlackTeam "SV Amstetten"]

1. c4 Nf6 2. Nc3 d5 3. cxd5 Nxd5 4. e4 Nb6 5. Nf3 g6 6. h3 Bg7 7. d4 O-O 8. Be3
N8d7 9. Be2 c6 10. O-O Nf6 11. Qd2 Be6 12. b3 Rc8 13. Ng5 Bd7 14. Rac1 Na8 15.
Rfd1 b6 16. d5 h6 17. Nf3 cxd5 18. e5 Ne4 19. Nxe4 dxe4 20. Rxc8 Qxc8 21. Qxd7
exf3 22. Bxf3 Qb8 23. e6 Kh7 24. Qxe7  1-0

[Event "Niederoesterreichische Landesliga 2014/2015"]
[Site "NOE"]
[Date "2014.12.14"]
[Round "6"]
[Board "1"]
[White "Vykydal, Frantisek"]
[Black "Lendwai, Reinhard"]
[Result "1/2-1/2"]
[WhiteElo "2117"]
[BlackElo "2350"]
[PlyCount "52"]
[EventDate "2014.10.05"]
[EventType "team"]
[EventRounds "11"]
[EventCountry "AUT"]
[WhiteTeam "SK Zwettl 2"]
[BlackTeam "SK Advisory Invest Baden 2"]

1. e4 c5 2. Nc3 Nc6 3. g3 g6 4. Bg2 Bg7 5. d3 d6 6. Nge2 e6 7. Be3 Nd4 8. Qd2
Ne7 9. Nd1 Nxe2 10. Qxe2 O-O 11. Qd2 Nc6 12. Bh6 Bxh6 13. Qxh6 Qf6 14. Qd2 d5
15. O-O dxe4 16. Bxe4 Bd7 17. f4 Rfd8 18. Ne3 Be8 19. Qc3 Qd4 20. Qxd4 Rxd4 21.
a4 Nd8 22. Nc4 Bc6 23. Rfe1 Bxe4 24. Rxe4 Nc6 25. Rae1 Rad8 26. Kf2 b6  1/2-1/2

[Event "Niederoesterreichische Landesliga 2014/2015"]
[Site "NOE"]
[Date "2014.12.14"]
[Round "6"]
[Board "2"]
[White "Ganaus, Hannes"]
[Black "Mlynek, Petr"]
[Result "1-0"]
[WhiteElo "2322"]
[BlackElo "2162"]
[PlyCount "87"]
[EventDate "2014.10.05"]
[EventType "team"]
[EventRounds "11"]
[EventCountry "AUT"]
[WhiteTeam "SK Advisory Invest Baden 2"]
[BlackTeam "SK Zwettl 2"]

1. Nf3 d5 2. b3 Bf5 3. Bb2 e6 4. g3 Nf6 5. Bg2 h6 6. O-O Bc5 7. c4 O-O 8. d3 c6
9. Nbd2 Nbd7 10. a3 a5 11. Ra2 Qe7 12. Qa1 Rfd8 13. Bc3 Ra6 14. h3 Bb6 15. b4
axb4 16. axb4 Rda8 17. Rxa6 Rxa6 18. Qb2 Qd8 19. b5 cxb5 20. Qxb5 Ra2 21. Ra1
Rxa1+ 22. Bxa1 Qc7 23. Bd4 Bg6 24. Bxb6 Qxb6 25. Qxb6 Nxb6 26. Ne5 Bh7 27. f4
Kf8 28. Kf2 Nh5 29. Bf3 Bg6 30. Nb3 Nf6 31. Ke3 Ke7 32. Nc5 Ne8 33. cxd5 Nxd5+
34. Bxd5 exd5 35. Nxb7 Bf5 36. g4 Bc8 37. Nc5 f6 38. Ng6+ Kd6 39. Nb3 h5 40. f5
hxg4 41. hxg4 Nc7 42. Nd4 Na6 43. Nf4 Nc5 44. Nh5  1-0

[Event "Niederoesterreichische Landesliga 2014/2015"]
[Site "NOE"]
[Date "2014.12.14"]
[Round "6"]
[Board "3"]
[White "Lipp, Alfred"]
[Black "Juenger, Heinz"]
[Result "1/2-1/2"]
[WhiteElo "2119"]
[BlackElo "2117"]
[PlyCount "93"]
[EventDate "2014.10.05"]
[EventType "team"]
[EventRounds "11"]
[EventCountry "AUT"]
[WhiteTeam "SK Zwettl 2"]
[BlackTeam "SK Advisory Invest Baden 2"]

1. d4 Nf6 2. c4 g6 3. Nc3 d5 4. cxd5 Nxd5 5. e4 Nxc3 6. bxc3 Bg7 7. Bc4 c5 8.
Ne2 Nc6 9. Be3 O-O 10. O-O Bg4 11. f3 Na5 12. Bd3 cxd4 13. cxd4 Be6 14. d5 Bxa1
15. Qxa1 f6 16. Rb1 Bd7 17. Bh6 Re8 18. Nf4 e5 19. dxe6 Bxe6 20. Bb5 Qe7 21.
Bxe8 Rxe8 22. Rb5 b6 23. Nd5 Bxd5 24. Rxd5 Nc6 25. h4 Rd8 26. Qc3 Rxd5 27. exd5
Qe5 28. Qxe5 Nxe5 29. Kf2 Kf7 30. Ke3 Ke7 31. Kd4 Nf7 32. Bf4 Nd6 33. g4 h5 34.
a4 Kd7 35. Bh6 Ke7 36. Bd2 Kd7 37. Bb4 Nf7 38. Ke4 Nd6+ 39. Kf4 a6 40. Bc3 Ke7
41. Bd4 b5 42. axb5 axb5 43. Bc5 Kd7 44. Bb4 Nc4 45. gxh5 gxh5 46. Bc5 Nd6 47.
Bb4  1/2-1/2

[Event "Niederoesterreichische Landesliga 2014/2015"]
[Site "NOE"]
[Date "2014.12.14"]
[Round "6"]
[Board "4"]
[White "Herndlbauer, Martin"]
[Black "Stadler, Peter"]
[Result "1/2-1/2"]
[WhiteElo "2110"]
[BlackElo "2147"]
[PlyCount "34"]
[EventDate "2014.10.05"]
[EventType "team"]
[EventRounds "11"]
[EventCountry "AUT"]
[WhiteTeam "SK Advisory Invest Baden 2"]
[BlackTeam "SK Zwettl 2"]

1. d4 g6 2. e4 Bg7 3. Nc3 d6 4. Be3 Nd7 5. Be2 e5 6. dxe5 dxe5 7. h4 h5 8. Nf3
Ngf6 9. Ng5 O-O 10. Bc4 Qe7 11. Qe2 Nc5 12. Nxf7 Rxf7 13. Bxf7+ Kxf7 14. Qc4+
Ne6 15. Nd5 Nxd5 16. exd5 Nd4 17. O-O-O Qd6  1/2-1/2

[Event "Niederoesterreichische Landesliga 2014/2015"]
[Site "NOE"]
[Date "2014.12.14"]
[Round "6"]
[Board "1"]
[White "Juhasz, Kristof"]
[Black "Schmidrathner, Christian"]
[Result "1-0"]
[WhiteElo "2356"]
[BlackElo "2075"]
[PlyCount "109"]
[EventDate "2014.10.05"]
[EventType "team"]
[EventRounds "11"]
[EventCountry "AUT"]
[WhiteTeam "Sparkasse Bad Voeslau/Kottingbrunn"]
[BlackTeam "SG Bisamberg/Korneuburg"]

1. Nf3 Nf6 2. g3 g6 3. b3 Bg7 4. Bb2 O-O 5. Bg2 d5 6. c4 c6 7. O-O h6 8. d4 Be6
9. Nbd2 Nbd7 10. Rc1 b5 11. c5 Qa5 12. a3 Ne4 13. b4 Qc7 14. Nb3 Ndf6 15. Ne5
Nd7 16. Nd3 h5 17. f3 Ng5 18. Nf2 f5 19. e3 Bh6 20. Qe2 Nf6 21. Nd3 Nf7 22. Nf4
Bxf4 23. exf4 Bc8 24. Rfe1 Re8 25. Bc3 e6 26. Ra1 Bd7 27. a4 a6 28. Ra3 Rab8
29. Rea1 Kg7 30. Nc1 Qb7 31. axb5 axb5 32. Ra7 Qc8 33. Nd3 Rb7 34. Ne5 Qc7 35.
R7a6 Nxe5 36. fxe5 Ng8 37. Bd2 Qd8 38. h4 Nh6 39. Bg5 Qc7 40. R1a3 Nf7 41. Bf6+
Kh7 42. g4 Nh6 43. g5 Nf7 44. f4 Kg8 45. Bf3 Rf8 46. Bxh5 Nxg5 47. hxg5 Be8 48.
Bf3 Rf7 49. Ra8 Rb8 50. Qa2 Rxa8 51. Rxa8 Kf8 52. Rxe8+ Kxe8 53. Qa8+ Kd7 54.
Qg8 Qa7 55. Qd8#  1-0

[Event "Niederoesterreichische Landesliga 2014/2015"]
[Site "NOE"]
[Date "2014.12.14"]
[Round "6"]
[Board "2"]
[White "Reinwald, Patrick"]
[Black "Plachetka, Jan"]
[Result "1/2-1/2"]
[WhiteElo "2153"]
[BlackElo "2362"]
[PlyCount "53"]
[EventDate "2014.10.05"]
[EventType "team"]
[EventRounds "11"]
[EventCountry "AUT"]
[WhiteTeam "SG Bisamberg/Korneuburg"]
[BlackTeam "Sparkasse Bad Voeslau/Kottingbrunn"]

1. e4 c5 2. d4 cxd4 3. c3 d3 4. Bxd3 d6 5. c4 g6 6. Nf3 Bg7 7. O-O Nf6 8. Nc3
O-O 9. h3 b6 10. Be3 Bb7 11. Rc1 Nbd7 12. b4 Rc8 13. Qd2 a6 14. Nd5 e6 15. Nc3
Qe7 16. a3 Rc7 17. Rfe1 Rfc8 18. Bd4 Qf8 19. Na4 Rc6 20. Rcd1 Rb8 21. b5 Rcc8
22. Nxb6 Nxb6 23. Bxb6 Bxe4 24. Ba7 Ra8 25. Bxe4 Nxe4 26. Rxe4 Rxa7 27. Qxd6
 1/2-1/2

[Event "Niederoesterreichische Landesliga 2014/2015"]
[Site "NOE"]
[Date "2014.12.14"]
[Round "6"]
[Board "3"]
[White "Theissl-Pokorna, Regina"]
[Black "Sulzgruber, Robin"]
[Result "1-0"]
[WhiteElo "2362"]
[BlackElo "1973"]
[PlyCount "43"]
[EventDate "2014.10.05"]
[EventType "team"]
[EventRounds "11"]
[EventCountry "AUT"]
[WhiteTeam "Sparkasse Bad Voeslau/Kottingbrunn"]
[BlackTeam "SG Bisamberg/Korneuburg"]

1. e4 Nc6 2. Nc3 e6 3. d4 d5 4. Nf3 Bb4 5. Bd3 Nf6 6. exd5 exd5 7. O-O O-O 8.
h3 h6 9. Bf4 Be6 10. Nb5 Ba5 11. c3 a6 12. Na3 b5 13. Nc2 Ne7 14. a4 c6 15. Re1
Bc7 16. Ne5 Nd7 17. Qh5 Nxe5 18. dxe5 Qd7 19. Nd4 c5 20. Bxh6 cxd4 21. Bxg7 Ng6
22. Bf6  1-0

[Event "Niederoesterreichische Landesliga 2014/2015"]
[Site "NOE"]
[Date "2014.12.14"]
[Round "6"]
[Board "4"]
[White "Ayatollahi, Ehsan"]
[Black "Lechner, Daniel"]
[Result "0-1"]
[WhiteElo "1981"]
[BlackElo "2211"]
[PlyCount "80"]
[EventDate "2014.10.05"]
[EventType "team"]
[EventRounds "11"]
[EventCountry "AUT"]
[WhiteTeam "SG Bisamberg/Korneuburg"]
[BlackTeam "Sparkasse Bad Voeslau/Kottingbrunn"]

1. d4 Nf6 2. c4 g6 3. Nc3 d5 4. cxd5 Nxd5 5. e4 Nxc3 6. bxc3 Bg7 7. Bc4 c5 8.
Ne2 O-O 9. O-O Nc6 10. Be3 Bg4 11. f3 Bd7 12. Qd2 Qa5 13. Rfd1 Rfd8 14. Rab1 b6
15. Bh6 Bh8 16. Qf4 Be8 17. e5 cxd4 18. cxd4 b5 19. Bb3 Qb6 20. h4 Bxe5 21. Qe4
Nxd4 22. Kf1 Nf5 23. Qxe5 Nxh6 24. Qxe7 Nf5 25. Qg5 Ne3+ 26. Ke1 Nxd1 27. Bxd1
Qa5+ 28. Kf1 Qd2 29. Qe5 Qxa2 30. Ra1 Qd5 31. Qf6 Qd6 32. Qg5 Qd5 33. Qe3 Qd3
34. Qe5 Qf5 35. Qe3 a5 36. Ng3 Qd3+ 37. Qxd3 Rxd3 38. Ne4 Kg7 39. Be2 Rd4 40.
Nc5 Rxh4  0-1

[Event "Niederoesterreichische Landesliga 2014/2015"]
[Site "NOE"]
[Date "2014.12.14"]
[Round "6"]
[Board "1"]
[White "Hellmayr, Alois"]
[Black "Wagner, Stefan"]
[Result "1-0"]
[WhiteElo "2205"]
[BlackElo "2121"]
[PlyCount "69"]
[EventDate "2014.10.05"]
[EventType "team"]
[EventRounds "11"]
[EventCountry "AUT"]
[WhiteTeam "KSV Boehlerwerk"]
[BlackTeam "Litschau/Eisgarn"]

1. d4 c5 2. d5 Nf6 3. Nc3 a6 4. e4 d6 5. a4 e6 6. Bc4 exd5 7. Nxd5 Be7 8. f3
O-O 9. Ne2 Nxd5 10. Bxd5 Nc6 11. O-O Bd7 12. Bf4 Rb8 13. Qd2 Ne5 14. Rfd1 Bc6
15. Nc3 Qc7 16. a5 Rfd8 17. Qe2 Ng6 18. Bg3 Bf6 19. f4 Bd4+ 20. Kh1 Re8 21. Qc4
Qd7 22. Rab1 h5 23. h3 h4 24. Bh2 Qc7 25. Ra1 Rf8 26. Qd3 Rbe8 27. Qf3 Qe7 28.
Re1 Qf6 29. Bxc6 bxc6 30. e5 dxe5 31. Ne4 Qe6 32. f5 Qc4 33. c3 Nf4 34. Nd6 e4
35. Qxf4  1-0

[Event "Niederoesterreichische Landesliga 2014/2015"]
[Site "NOE"]
[Date "2014.12.14"]
[Round "6"]
[Board "2"]
[White "Plasil, Jiri"]
[Black "Kranzl, Peter"]
[Result "1/2-1/2"]
[WhiteElo "2120"]
[BlackElo "2225"]
[PlyCount "52"]
[EventDate "2014.10.05"]
[EventType "team"]
[EventRounds "11"]
[EventCountry "AUT"]
[WhiteTeam "Litschau/Eisgarn"]
[BlackTeam "KSV Boehlerwerk"]

1. e4 c6 2. d4 d5 3. Nc3 dxe4 4. Nxe4 Nd7 5. Bd3 Ndf6 6. Ne2 Nxe4 7. Bxe4 Nf6
8. Bf3 Bf5 9. Ng3 Bg6 10. O-O e6 11. c3 Bd6 12. Re1 Qc7 13. Nf1 O-O 14. Bg5 a5
15. Bxf6 gxf6 16. h4 h6 17. h5 Bh7 18. Ne3 Kg7 19. Kh1 a4 20. Nc4 Bf4 21. g3
Bg5 22. Bg2 b5 23. Ne3 Bxe3 24. Rxe3 Ra6 25. Qe2 Rd8 26. Rd1 Rb6  1/2-1/2

[Event "Niederoesterreichische Landesliga 2014/2015"]
[Site "NOE"]
[Date "2014.12.14"]
[Round "6"]
[Board "3"]
[White "Strobel, Ferdinand"]
[Black "Popelka, Oldrich"]
[Result "0-1"]
[WhiteElo "2086"]
[BlackElo "2080"]
[PlyCount "49"]
[EventDate "2014.10.05"]
[EventType "team"]
[EventRounds "11"]
[EventCountry "AUT"]
[WhiteTeam "KSV Boehlerwerk"]
[BlackTeam "Litschau/Eisgarn"]

1. f4 d5 2. Nf3 Nf6 3. g3 c6 4. Bg2 Qb6 5. e3 Bf5 6. d4 e6 7. Nbd2 Nbd7 8. O-O
Be7 9. h3 h6 10. Qe2 O-O 11. c3 c5 12. g4 Bh7 13. g5 Ne4 14. Nxe4 dxe4 15. Nd2
hxg5 16. fxg5 Bxg5 17. Nxe4 Be7 18. Nf2 e5 19. d5 f5 20. Bd2 e4 21. c4 Bf6 22.
Rab1 a5 23. Bc3 Be5 24. Qh5 Qg6 25. Bxe5  0-1

[Event "Niederoesterreichische Landesliga 2014/2015"]
[Site "NOE"]
[Date "2014.12.14"]
[Round "6"]
[Board "4"]
[White "Plasil, Vojtech"]
[Black "Danner, Lambert"]
[Result "0-1"]
[WhiteElo "1914"]
[BlackElo "2115"]
[PlyCount "70"]
[EventDate "2014.10.05"]
[EventType "team"]
[EventRounds "11"]
[EventCountry "AUT"]
[WhiteTeam "Litschau/Eisgarn"]
[BlackTeam "KSV Boehlerwerk"]

1. e4 Nf6 2. e5 Nd5 3. d4 d6 4. Nf3 Bg4 5. h3 Bh5 6. Be2 c6 7. Nbd2 e6 8. Ne4
Bxf3 9. Bxf3 dxe5 10. dxe5 Qc7 11. O-O Qxe5 12. Re1 Be7 13. g3 O-O 14. c4 Nb6
15. Nc3 Qa5 16. Re4 N8d7 17. Bd2 Qf5 18. Bg4 Qf6 19. Qe2 Nc5 20. Rf4 Qg6 21.
Bf5 exf5 22. Qxe7 Ne6 23. Rh4 Rab8 24. Be3 Rfe8 25. Qb4 Qf6 26. c5 Nd7 27. Bf4
a5 28. Qxa5 Ra8 29. Qb4 g5 30. Rd1 Ndxc5 31. Bd6 Na6 32. Qxb7 gxh4 33. Qxc6 Ng5
34. Kg2 hxg3 35. fxg3 Ne4  0-1